Mosaic 1 Instructor's manual
সংরক্ষণ করুন:
| বিন্যাস: | গ্রন্থ |
|---|---|
| ভাষা: | Undetermined |
| প্রকাশিত: |
New York
McGraw-Hill
2002
|
| বিষয়গুলি: | |
| ট্যাগগুলো: |
ট্যাগ যুক্ত করুন
কোনো ট্যাগ নেই, প্রথমজন হিসাবে ট্যাগ করুন!
|
| Thư viện lưu trữ: | Trung tâm Học liệu Trường Đại học Cần Thơ |
|---|
| LEADER | 00669nam a2200217Ia 4500 | ||
|---|---|---|---|
| 001 | CTU_57302 | ||
| 008 | 210402s9999 xx 000 0 und d | ||
| 020 | |c 188000 | ||
| 082 | |a 428.0071 | ||
| 082 | |b M894i | ||
| 245 | 0 | |a Mosaic 1 | |
| 245 | 0 | |b Instructor's manual | |
| 245 | 0 | |c Diana Renn | |
| 260 | |a New York | ||
| 260 | |b McGraw-Hill | ||
| 260 | |c 2002 | ||
| 650 | |a English language,English language | ||
| 650 | |x Grammar,Textbooks for foreign speakers | ||
| 904 | |i Minh, 960807 | ||
| 910 | |a H.Mai chuyển số PL về 428.0071 dùng cho cả bộ, mã hóa cutter theo tên sách | ||
| 980 | |a Trung tâm Học liệu Trường Đại học Cần Thơ | ||